00416cam a22001452 4500001001100000005001700011008004100028040001500069050001900084100002800103245006700131260002600198300001100224651003500235000000047320151217155801.0070205s xx 000 0 eng d aKABUcKABU 0aDT449b.Z27G731 aGray, John.@000006755710aHistory of Zanzibar from the middle ages to 1856 /cJohn Gray. aLondon :bOUP,c1962. a314 p. 0aZanzibarxHistory.@0000148679